[Event "CAN-ch U12"]
[Site "Windsor"]
[Date "2010.07.06"]
[Round "1"]
[White "McCleary, Reuben"]
[Black "Bhangoo, Kabir"]
[Result "1-0"]
[WhiteElo "1598"]
[BlackElo "1022"]
[PlyCount "83"]
[EventDate "2010.07.06"]
[EventType "swiss"]
[EventRounds "7"]
[EventCountry "CAN"]
[SourceTitle "EXT 2012"]
[Source "ChessBase"]
[SourceDate "2011.11.24"]
[SourceVersion "1"]
[SourceVersionDate "2011.11.24"]
[SourceQuality "1"]

1. e4 e5 2. Nf3 Nc6 3. Bc4 Nf6 4. 0-0 Bc5 5. d4 d6 6. dxc5 dxc5 7. Qxd8+ Nxd8 8. Nxe5 0-0 9. Nc3 Re8 10. f4 Be6 11. Bxe6 Rxe6 12. Be3 b6 13. Rad1 Nc6 14. Nxc6 Rxc6 15. Nd5 Nxd5 16. Rxd5 Re6 17. e5 f6 18. Rfd1 fxe5 19. fxe5 c6 20. Rd8+ Rxd8 21. Rxd8+ Kf7 22. Bf4 Ke7 23. Rd6 Rxd6 24. exd6+ Kd7 25. Kf2 h6 26. h4 g5 27. hxg5 hxg5 28. Be5 c4 29. Kf3 b5 30. Kg4 a5 31. Kxg5 a4 32. Kf6 b4 33. b3 axb3 34. axb3 cxb3 35. cxb3 c5 36. g4 c4 37. bxc4 b3 38. c5 b2 39. Bxb2 Kc6 40. d7 Kxd7 41. c6+ Kxc6 42. g5 1-0